Comeback Quiz - Portmanteaus #2 - Statistics

General Stats
  • This quiz has been taken 42 times
  • The average score is 14 of 15
Answer Stats
One Half + One Half = Answer % Correct
Bombay + Hollywood = Bollywood
100%
Costume + Play = Cosplay
100%
Electronic + Mail = Email
100%
Spanish + English = Spanglish
100%
Hungry + Angry = Hangry
97%
Jeans + Shorts = Jorts
97%
Math + Athlete = Mathlete
97%
Car + Hijack = Carjack
95%
Video + Blog = Vlog
95%
Screen + Snapshot = Screenshot
92%
Cybernetic + Organism = Cyborg
90%
Spiced + Ham = Spam
90%
iPod + Broadcast = Podcast
82%
Hazardous + Material = Hazmat
79%
Snide + Remark = Snark
72%
No matching quizzes found
Score Distribution
Percent of People with Each Score
Percentile by Number Answered
Your Score History
You have not taken this quiz